Software Metrics (Record no. 309331)

MARC details
000 -LEADER
fixed length control field 00467nam a2200169Ia 4500
008 - FIXED-LENGTH DATA ELEMENTS--GENERAL INFORMATION
fixed length control field 230718s9999 xx 000 0 und d
041 ## - LANGUAGE CODE
Language code of text/sound track or separate title eng
082 ## - DEWEY DECIMAL CLASSIFICATION NUMBER
Classification number 005.14
Item number FEN
100 ## - MAIN ENTRY--PERSONAL NAME
Personal name Fenton N.E.
245 ## - TITLE STATEMENT
Title Software Metrics
Remainder of title A Rigorous And Practical Approach
250 ## - EDITION STATEMENT
Edition statement 2nd.ed.
260 ## - PUBLICATION, DISTRIBUTION, ETC. (IMPRINT)
Date of publication, distribution, etc. 2003
Name of publisher, distributor, etc. Thomson Publication
300 ## - PHYSICAL DESCRIPTION
Extent 638
365 ## - TRADE PRICE
Currency code Rs.
Price amount 413.00
700 ## - ADDED ENTRY--PERSONAL NAME
Personal name Fenton N.E. & Pfleeger S.L.
906 ## - LOCAL DATA ELEMENT F, LDF (RLIN)
d B:810/25/10/0413-Oct-2005
c COMP
b 82.6
Holdings
Withdrawn status Lost status Damaged status Not for loan Home library Current library Date acquired Vendor Budget Code Cost, normal purchase price Bill number Full call number Barcode Date last seen Discount Cost, replacement price Bill Date Koha item type Original Barcode
Withdrawn       Cummins College of Engineering for Women Pune Cummins College of Engineering for Women Pune 09/12/2004 Goels Computer Hut COMP 330.40 810/25/10/04 005.14 CCEP-BK-20538 18/07/2023 82.6 413.00 13/10/2005 Books 020538